000
00308pam a2200133 a 4500
020
_c
041
_h
082
_a
750
_b
GAL
245
_a
Arts Of Bengal
_b
Arts Of Bengal
_h
Textual Documents
250
_a
1980.
260
_a
[s.l]:
_b
Whitechapel Art Gallery London
300
_a
80:
_b
paper.
930
_a
2577
999
_c
236367
_d
236367